Estadísticas para Top 10 Países más Orientales en Asia

Haz click aquí para tomar la prueba!

Estadísticas generales

  • Esta prueba ha sido tomada 3.459 veces
  • La puntuación promedio es 9 de 10

Estadísticas de respuestas

LongitudPaís% Correcto
153°59'EJapón
99%
134°46'EChina
97%
130°56'ECorea del Sur
97%
130°40'ECorea del Norte
96%
141°05'EIndonesia
92%
169°01'ORusia
92%
126°34'EFilipinas
90%
122°06'ETaiwán
88%
119°56'EMongolia
76%
127°19'ETimor Oriental
69%

Distribución de puntuación

Porcentaje por número respondido

Porcentaje de gente con cada puntuación

Historial de tus puntuaciones

No has tomado esta prueba